[Event "Najdorf Memorial B"]
[Site "Warsaw POL"]
[Date "2023.07.17"]
[Round "7.8"]
[White "Polak, Michal"]
[Black "Sprzeczka, Emilia"]
[Result "1/2-1/2"]
[WhiteElo "1895"]
[BlackElo "1797"]

1. e4 c5 2. Nf3 d6 3. d4 cxd4 4. Nxd4 Nf6 5. Nc3 g6 6. Be3 Bg7 7. f3 O-O 8.
Qd2 Nc6 9. O-O-O d5 10. exd5 Nxd5 11. Nxc6 bxc6 12. Bd4 e5 13. Bc5 Re8 14.
Ne4 Qc7 15. h4 f5 16. Nd6 Rd8 17. Nxc8 Raxc8 18. Bc4 h5 19. g4 Kh7 20. Kb1
e4 21. Qf2 Qa5 22. Bxd5 Rxd5 23. Rxd5 cxd5 24. Bd4 Bxd4 25. Qxd4 Qc5 26.
Qd2 e3 27. Qd3 hxg4 28. fxg4 Qc4 29. Qxe3 Qxc2+ 30. Ka1 Qe4 31. Qxa7+ Kh8
32. Rg1 Qf4 33. a3 fxg4 34. Qe7 Rc1+ 35. Rxc1 Qxc1+ 36. Ka2 Qc4+ 37. Ka1
Qf1+ 38. Ka2 Qf4 39. h5 Qc4+ 40. Ka1 gxh5 41. Qf8+ 1/2-1/2

[Event "Najdorf Memorial B"]
[Site "Warsaw POL"]
[Date "2023.07.17"]
[Round "7.9"]
[White "Moszczenski, Milosz"]
[Black "Kaminski, Jan"]
[Result "0-1"]
[WhiteElo "1783"]
[BlackElo "1862"]

1. d4 Nf6 2. c4 e6 3. Nc3 Bb4 4. f3 c5 5. d5 d6 6. e4 b5 7. Ne2 bxc4 8. Nf4
Bxc3+ 9. bxc3 e5 10. Ne2 Nbd7 11. Ng3 Nb6 12. Bxc4 Nxc4 13. Qa4+ Bd7 14.
Qxc4 Rb8 15. Qd3 O-O 16. O-O Qe7 17. h3 Rfe8 18. Rb1 c4 19. Qc2 Ba4 20.
Qxa4 Rxb1 21. Qxc4 Qb7 22. Nf5 g6 23. Bg5 Nh5 24. Nh6+ Kg7 25. Ng4 f6 26.
Bh6+ Kf7 27. Rxb1 Qxb1+ 28. Kh2 Qb7 29. Be3 Rc8 30. Nh6+ Kg7 31. Qa4 Rxc3
32. Bd2 Rc8 33. Ng4 Kf7 34. Ne3 Ke7 35. Nc4 a6 36. Na5 Qb5 37. Nc6+ Kd7 38.
Qa3 Rc7 39. Be3 Ng7 40. Na7 Qc4 41. Qa5 Ne8 42. Qb6 Qe2 43. Nc6 Qb5 44.
Nb8+ Kc8 45. Nxa6 Qxb6 46. Bxb6 Rc2 47. Nb4 Rb2 48. Ba5 f5 49. exf5 gxf5
50. a4 Kd7 51. Na6 Ra2 52. Nb8+ Kc8 53. Nc6 Rxa4 54. Bb6 f4 55. Bd8 Nc7 56.
Be7 Kd7 57. Bg5 Nxd5 0-1

[Event "Najdorf Memorial B"]
[Site "Warsaw POL"]
[Date "2023.07.17"]
[Round "7.11"]
[White "Yasmo, Daniil"]
[Black "Celinski, Kamil"]
[Result "0-1"]
[WhiteElo "1778"]
[BlackElo "1820"]

1. d4 Nf6 2. Bf4 d5 3. Nc3 e6 4. e3 Bb4 5. Bd3 c5 6. a3 Bxc3+ 7. bxc3 Qa5
8. Bd6 Qxc3+ 9. Kf1 cxd4 10. exd4 Qc6 11. Be5 Nbd7 12. Rb1 a6 13. h4 Nxe5
14. dxe5 Ne4 15. Ne2 Nc3 16. Nxc3 Qxc3 17. f4 b5 18. Rh3 Bd7 19. Qg4 Kf8
20. Rg3 g6 21. Bxg6 Qxg3 22. Qxg3 hxg6 23. Qf2 Kg7 24. g3 Rhc8 25. Rb2 Rc6
26. Ke1 Rac8 27. Kd2 Rc5 28. g4 R8c7 29. h5 Rc4 30. Qb6 R4c6 31. Qe3 Rc4
32. f5 exf5 33. Qg5 R4c6 34. h6+ Kh7 35. Qe7 Kxh6 36. Qxf7 fxg4 37. Qxd5
Bf5 38. Qg8 Rd7+ 39. Ke1 Kg5 40. Qb3 Kf4 41. c4 Rxc4 42. Re2 Rc1+ 43. Kf2
Rd3 44. Qb4+ Rc4 45. Qf8 g3+ 46. Kg2 Kg4 47. Qh6 g5 48. Qh3+ Kf4 49. Qh1
Be4+ 50. Rxe4+ Rxe4 51. Qf1+ Ke3 52. e6 Kd2 53. Qf5 Re2+ 54. Kg1 Rde3 55.
Qd5+ Kc2 56. a4 bxa4 57. Qa2+ Kd3 58. Qa3+ Ke4 59. e7 Kf3 60. e8=Q Re1# 0-1

[Event "Najdorf Memorial B"]
[Site "Warsaw POL"]
[Date "2023.07.17"]
[Round "7.12"]
[White "Jasiulewicz, Dawid"]
[Black "Gasiorek, Dariusz"]
[Result "1-0"]
[WhiteElo "1751"]
[BlackElo "1832"]

1. d4 d5 2. Nf3 Nf6 3. c4 e6 4. e3 Be7 5. b3 O-O 6. Bd3 dxc4 7. bxc4 c5 8.
O-O Nc6 9. Bb2 b6 10. Nc3 cxd4 11. exd4 Bb7 12. Rc1 Kh8 13. Be2 Rc8 14. Re1
Na5 15. Ne5 Nd7 16. Nxd7 Qxd7 17. Nb1 Bf6 18. Qd2 Rfd8 19. Red1 Nc6 20. d5
Bxb2 21. Qxb2 exd5 22. cxd5 Ne7 23. Nc3 Qf5 24. Bf3 h6 25. d6 Bxf3 26. dxe7
Qg4 27. exd8=Q+ Rxd8 28. Rxd8+ Kh7 29. Qc2+ g6 30. Kf1 Qxg2+ 31. Ke1 Qg1+
32. Kd2 Qxf2+ 33. Kd3 Qh4 34. Rd4 Qg5 35. Ne4 Qf5 36. Re1 b5 37. Qc7 Kg7
38. Rd7 Bxe4+ 39. Rxe4 Qf3+ 40. Re3 Qd1+ 41. Kc3 Qc1+ 42. Kb4 Qb2+ 43. Rb3
a5+ 44. Kxb5 Qe2+ 45. Rbd3 Qb2+ 46. Ka6 Qf6+ 47. R3d6 Qf1+ 48. Ka7 Qf2+ 49.
Ka8 Qf3+ 50. Qb7 Qf5 51. Rxf7+ Qxf7 52. Rd7 Qxd7 53. Qxd7+ 1-0

[Event "Najdorf Memorial B"]
[Site "Warsaw POL"]
[Date "2023.07.17"]
[Round "7.13"]
[White "Lewandrowski, Tomasz"]
[Black "Kotowicz, Kamil"]
[Result "1-0"]
[WhiteElo "1849"]
[BlackElo "1704"]

1. d4 d5 2. c4 e6 3. Nc3 Nf6 4. e3 Be7 5. Nf3 O-O 6. b3 Nbd7 7. Be2 Re8 8.
O-O c6 9. Qc2 Nf8 10. Bb2 Ng6 11. Rfd1 b6 12. Bd3 Bb7 13. e4 dxe4 14. Nxe4
Qc7 15. Ne5 c5 16. Nxg6 hxg6 17. dxc5 Bxe4 18. Bxe4 Nxe4 19. Qxe4 Bxc5 20.
Rd3 Rad8 21. Rad1 Be7 22. Qe5 Qxe5 23. Bxe5 Rxd3 24. Rxd3 Rd8 25. Rxd8+
Bxd8 26. b4 Be7 27. b5 Bc5 28. Bb8 Kf8 29. Bxa7 Ke7 30. a4 Kd6 31. Kf1 f6
32. f4 f5 33. Ke2 g5 34. fxg5 g6 35. h4 e5 36. h5 gxh5 37. g6 Ke6 38. a5
Kf6 39. Bxb6 1-0

[Event "Najdorf Memorial B"]
[Site "Warsaw POL"]
[Date "2023.07.17"]
[Round "7.14"]
[White "Bartoszewicz, Marcin"]
[Black "Jaszczuk, Piotr"]
[Result "0-1"]
[WhiteElo "1791"]
[BlackElo "1672"]

1. e4 c5 2. Nf3 Nc6 3. d4 cxd4 4. Nxd4 Nf6 5. Nc3 e5 6. Ndb5 d6 7. Bg5 a6
8. Na3 b5 9. Nd5 Be7 10. Bxf6 Bxf6 11. c3 Bg5 12. Nc2 O-O 13. h4 Be7 14.
Nxe7+ Nxe7 15. Ne3 Bb7 16. Qg4 Qc8 17. Bd3 Qxg4 18. Nxg4 f5 19. exf5 Bxg2
20. Rg1 Bf3 21. f6 Bxg4 22. fxe7 Rf4 23. a4 bxa4 24. Bxa6 Bd7 25. Bb7 Re8
26. Rd1 Rf6 27. Rg3 Rxe7 28. Bd5+ Be6 29. Be4 Bb3 30. Rd2 Rd7 31. Bd5+ Bxd5
32. Rxd5 Kf7 33. Rg4 Ra7 34. Rb5 h5 35. Rc4 Ke6 36. Rb6 a3 37. bxa3 Rxa3
38. Rb2 Rf3 39. Rc7 g6 40. Rg7 Kf6 41. Rbb7 Rfxc3 42. Rbe7 Kf5 43. Ref7+
Ke4 44. Rxg6 Ra1+ 45. Kd2 Rd3+ 46. Ke2 d5 47. Rg5 Rb3 48. f3+ Kd4 49. Kf2
Rb2+ 50. Kg3 Rg1+ 51. Kh3 Rh1+ 52. Kg3 Rhh2 0-1

[Event "Najdorf Memorial B"]
[Site "Warsaw POL"]
[Date "2023.07.17"]
[Round "7.15"]
[White "Sternik, Piotr"]
[Black "Dropia, Rafal"]
[Result "1-0"]
[WhiteElo "1783"]
[BlackElo "1585"]

1. d4 c5 2. e3 Nf6 3. c4 e6 4. Nc3 d5 5. cxd5 exd5 6. Nf3 Nc6 7. Be2 Be7 8.
O-O O-O 9. b3 Be6 10. Bb2 Rc8 11. Rc1 b6 12. Na4 Ne4 13. dxc5 bxc5 14. Nd2
Na5 15. Nxe4 dxe4 16. Ba6 Rc6 17. Qxd8 Rxd8 18. Bb5 Rcc8 19. Bc3 Nc6 20.
Ba6 Rc7 21. Be1 Nb8 22. Bc4 Rd6 23. Ba5 Rc8 24. Bxe6 Rxe6 25. Rfd1 Rd6 26.
Rxd6 Bxd6 27. Nc3 f5 28. Nb5 Bf8 29. Nxa7 Re8 30. Bc7 Na6 31. Nb5 Nxc7 32.
Nxc7 Rc8 33. Ne6 Be7 34. g4 g6 35. gxf5 gxf5 36. b4 c4 37. Nc5 Ra8 38. a4
Kf7 39. Rxc4 Kf6 40. Nd7+ Ke6 41. Nb6 Rg8+ 42. Kf1 Rb8 43. a5 Bd8 44. Rc6+
Kf7 45. b5 h5 46. a6 Rxb6 47. a7 Rxc6 48. bxc6 1-0

[Event "Najdorf Memorial B"]
[Site "Warsaw POL"]
[Date "2023.07.17"]
[Round "7.16"]
[White "Stefaniuk, Zbigniew"]
[Black "Szydelko, Michal"]
[Result "1/2-1/2"]
[WhiteElo "1721"]
[BlackElo "1765"]

1. e4 e5 2. Nf3 Nf6 3. Nc3 Bb4 4. Nxe5 Qe7 5. Nd3 Bxc3 6. dxc3 Qxe4+ 7. Be2
O-O 8. O-O d5 9. Bf3 Qf5 10. Re1 c6 11. Re5 Qd7 12. Qe2 Qd8 13. Bf4 Nbd7
14. Re7 Ne4 15. Bxe4 dxe4 16. Rxe4 Nf6 17. Bg5 h6 18. Bxf6 Qxf6 19. Re1 Bf5
20. Re7 b6 21. Qe5 Qxe5 22. R1xe5 Be6 23. a3 Rfd8 24. Kf1 Kf8 25. Rc7 c5
26. Ke1 Rd6 27. h3 a6 28. b4 c4 29. Nf4 b5 30. Nxe6+ fxe6 31. Rec5 Rad8 32.
Rc8 Rxc8 33. Rxc8+ Kf7 34. Ke2 Kf6 35. Ra8 Kf7 36. Ra7+ Kf6 37. Ke1 Kg6 38.
Ke2 Kf6 39. g3 Kg6 40. Ra8 Kf6 41. f3 Kf7 42. Ra7+ Kf6 43. Rc7 Kg6 44. Rc5
Kf6 45. f4 g5 46. Re5 gxf4 47. gxf4 Rd8 48. Rh5 Kg6 49. Re5 Kf6 50. Rh5 Kg6
51. Re5 Kf6 52. Rh5 1/2-1/2

[Event "Najdorf Memorial B"]
[Site "Warsaw POL"]
[Date "2023.07.17"]
[Round "7.17"]
[White "Lazniewska, Zofia"]
[Black "Mazur, Maciej"]
[Result "0-1"]
[WhiteElo "1663"]
[BlackElo "1758"]

1. e4 d5 2. exd5 Qxd5 3. Nc3 Qa5 4. d4 Nf6 5. Nf3 c6 6. Bc4 Bf5 7. Bd2 Qb6
8. Bb3 e6 9. Qe2 Nbd7 10. O-O-O h6 11. Nh4 Bh7 12. d5 cxd5 13. Nxd5 Nxd5
14. Bxd5 Be7 15. Bc3 Bxh4 16. Bxg7 Bg5+ 17. f4 Bxf4+ 18. Kb1 Rg8 19. Bd4
Qc7 20. g3 Bg5 21. Bb3 O-O-O 22. Rhf1 Nc5 23. Bxc5 Rxd1+ 24. Qxd1 Qxc5 25.
Rxf7 Rd8 26. Qh1 Be4 27. Qe1 Bd5 28. Bxd5 Qxd5 29. Qc3+ Kb8 30. a3 Rc8 31.
Qb4 Bd2 32. Qa4 Qc4 33. Qd7 Qxc2+ 34. Ka2 Qc4+ 35. Kb1 Qd5 0-1

[Event "Najdorf Memorial B"]
[Site "Warsaw POL"]
[Date "2023.07.17"]
[Round "7.18"]
[White "Zbrzeski, Piotr"]
[Black "Pires, Emanuel Joao Robarts"]
[Result "0-1"]
[WhiteElo "1618"]
[BlackElo "1994"]

1. b3 e5 2. Bb2 d6 3. e3 Nf6 4. Ne2 Be7 5. c4 O-O 6. d4 exd4 7. Nxd4 Re8 8.
Be2 Nbd7 9. Nc3 Bf8 10. O-O g6 11. Qc2 Bg7 12. Rad1 Nc5 13. Bf3 Bg4 14. h3
Bxf3 15. Nxf3 Qe7 16. Nd5 Nxd5 17. Rxd5 f5 18. Bxg7 Qxg7 19. b4 Ne4 20. Rd3
a5 21. b5 b6 22. a4 Re7 23. Nd2 Nc5 24. Rd4 Rae8 25. Rd1 Ne6 26. Rd3 f4 27.
Ra3 Qf6 28. Nf3 Nc5 29. Re1 fxe3 30. Raxe3 Rxe3 31. fxe3 Re4 32. Nd2 Re7
33. Nf3 Ne4 34. Qd3 Nc5 35. Qc2 Qe6 36. Nd2 Qe5 37. Nb3 Qg3 38. Re2 Ne4 39.
Qd3 Re5 40. Qd4 h5 41. h4 Qxh4 42. Nd2 Qg4 43. Nf3 Rf5 44. Kh2 h4 45. Nd2
Qg3+ 46. Kg1 Ng5 47. e4 Nh3+ 48. Kh1 Nf2+ 49. Kg1 h3 50. Rxf2 Rxf2 51. Qxf2
h2+ 0-1

[Event "Najdorf Memorial B"]
[Site "Warsaw POL"]
[Date "2023.07.17"]
[Round "7.19"]
[White "Szuber, Dawid"]
[Black "Ryszkiewicz, Adam"]
[Result "0-1"]
[WhiteElo "1695"]
[BlackElo "1953"]

1. e4 c5 2. Nf3 Nc6 3. d4 cxd4 4. Nxd4 Nf6 5. Nc3 e5 6. Ndb5 d6 7. Nd5 Nxd5
8. exd5 Nb8 9. a4 Be7 10. Be2 O-O 11. O-O a6 12. Na3 f5 13. f4 e4 14. Be3
Nd7 15. Nc4 b6 16. Ra3 Rb8 17. Bd4 Nc5 18. Bxc5 bxc5 19. c3 Bd7 20. Qc2 Be8
21. Ne3 Qb6 22. Nc4 Qb7 23. Qd2 h6 24. g3 g5 25. b3 Bf7 26. Ne3 Bg6 27. Bd1
gxf4 28. gxf4 Bf6 29. Ra2 Qg7 30. c4 Bd4 31. Kh1 Kh7 32. Rg1 Qf6 33. Rg3
Rg8 34. Qe1 Qh4 35. Ng2 Qf6 36. Ne3 Bf7 37. Rag2 Rxg3 38. Rxg3 Rg8 39. Bc2
Bh5 40. Rxg8 Kxg8 41. Qg3+ Kf8 42. Bd1 Bxe3 43. Bxh5 Qa1+ 44. Kg2 Qg1+ 45.
Kh3 Qf1+ 46. Qg2 Qxf4 47. Qg3 Qf1+ 48. Qg2 Qxg2+ 49. Kxg2 Kg7 50. Kf1 Kf6
51. Ke2 Bf4 52. h3 a5 53. Be8 Ke5 54. Bd7 Bg5 55. Kf2 Bh4+ 56. Ke2 f4 57.
Bg4 f3+ 58. Ke3 Bg5+ 59. Kf2 Kf4 60. Kf1 e3 0-1

[Event "Najdorf Memorial B"]
[Site "Warsaw POL"]
[Date "2023.07.17"]
[Round "7.20"]
[White "Poziomkowski, Szymon"]
[Black "Zapalowska, Wiktoria"]
[Result "1-0"]
[WhiteElo "1880"]
[BlackElo "1685"]

1. e4 c6 2. Nf3 d5 3. Nc3 Bg4 4. h3 Bxf3 5. Qxf3 e6 6. g3 Nf6 7. d3 Nbd7 8.
Bg2 Bb4 9. O-O Ne5 10. Qe2 d4 11. Nd1 O-O 12. f4 Ned7 13. c3 Bc5 14. c4 Ne8
15. e5 Nc7 16. Nf2 f5 17. exf6 Nxf6 18. Bd2 a5 19. g4 Ra7 20. Bf3 Be7 21.
g5 Nd7 22. Bg4 Nc5 23. Ne4 Qd7 24. Rae1 Re8 25. f5 Nxe4 26. Qxe4 Qd8 27. f6
gxf6 28. Bxe6+ Kg7 29. Bf7 Rf8 30. g6 Qd6 31. Bh6+ 1-0

[Event "Najdorf Memorial B"]
[Site "Warsaw POL"]
[Date "2023.07.17"]
[Round "7.21"]
[White "Goral, Jan"]
[Black "Szefer, Michal"]
[Result "0-1"]
[WhiteElo "1714"]
[BlackElo "1863"]

1. d4 Nf6 2. c4 c5 3. d5 b5 4. cxb5 a6 5. bxa6 g6 6. Nc3 Bxa6 7. Nf3 d6 8.
g3 Bg7 9. Bg2 O-O 10. O-O Nbd7 11. Rb1 Qc7 12. Re1 Rfb8 13. h3 Nb6 14. b3
Nfd7 15. Bd2 Qa7 16. a4 Nf6 17. Nh4 Qb7 18. e4 Bd3 19. Rc1 c4 20. b4 Nbd7
21. b5 Nc5 22. Ra1 Nb3 23. Ra2 Nd7 24. Bf1 Ndc5 25. Bxd3 Nxd3 26. Rf1 Nxd2
27. Qxd2 Ra5 28. Nf3 Qa7 29. Ne1 Nc5 30. Nc2 Nxa4 31. Nxa4 Rxa4 32. Rxa4
Qxa4 33. Rb1 Rxb5 34. Rxb5 Qxb5 35. Kg2 Qb3 36. Ne3 Bh6 37. f4 c3 38. Qc2
Qb2 39. Kf2 Bg7 40. Qe2 Bd4 41. Kf3 Bxe3 42. Kxe3 c2 0-1

[Event "Najdorf Memorial B"]
[Site "Warsaw POL"]
[Date "2023.07.18"]
[Round "8.1"]
[White "Kitewski, Bartosz"]
[Black "Nesterenko, Kyrylo"]
[Result "0-1"]
[WhiteElo "1971"]
[BlackElo "1907"]

1. d4 Nf6 2. c4 e6 3. Nc3 c5 4. d5 d6 5. Nf3 exd5 6. cxd5 g6 7. Nd2 Bg7 8.
e4 O-O 9. Be2 Nbd7 10. O-O a6 11. a4 Rb8 12. Nc4 Qe7 13. Bf4 Ne8 14. Re1
Ne5 15. Qd2 Nxc4 16. Bxc4 Bd7 17. a5 Bd4 18. Ra3 Nc7 19. Bxd6 Qxd6 20. e5
Bxe5 21. Ne4 Bxh2+ 22. Kh1 Qe5 23. Rf3 Ne8 24. Ng5 Bf4 25. Qxf4 Qxe1+ 26.
Kh2 Qe7 27. d6 Qxd6 0-1

[Event "Najdorf Memorial B"]
[Site "Warsaw POL"]
[Date "2023.07.18"]
[Round "8.2"]
[White "Gorniewicz, Oskar"]
[Black "Suska, Szymon"]
[Result "1/2-1/2"]
[WhiteElo "1890"]
[BlackElo "1876"]

1. d4 Nf6 2. Bg5 e6 3. e4 h6 4. Bxf6 Qxf6 5. Nc3 d6 6. Qd2 c6 7. f4 Nd7 8.
O-O-O e5 9. fxe5 dxe5 10. d5 Qg5 11. Nf3 Qxd2+ 12. Rxd2 Bc5 13. Rd1 O-O 14.
Bc4 Re8 15. Rhf1 Nf6 16. dxc6 bxc6 17. Nh4 Rb8 18. Rd3 Rb4 19. Bb3 Be6 20.
Nf5 Bxb3 21. axb3 Nxe4 22. Nxe4 Rxe4 23. Rc3 1/2-1/2

[Event "Najdorf Memorial B"]
[Site "Warsaw POL"]
[Date "2023.07.18"]
[Round "8.3"]
[White "Grajczak, Adrian"]
[Black "Arciszewska, Zuzanna"]
[Result "1/2-1/2"]
[WhiteElo "1880"]
[BlackElo "1732"]

1. e4 e5 2. Nf3 Nc6 3. Bc4 Bc5 4. d3 Nf6 5. Bg5 h6 6. Bh4 g5 7. Bg3 d6 8.
c3 Bb6 9. b4 Bg4 10. h3 Bh5 11. Nbd2 Qd7 12. a4 a5 13. b5 Ne7 14. Qb3 Ng6
15. h4 g4 16. Nh2 Nf4 17. O-O O-O-O 18. Rfe1 Bg6 19. Ndf1 N6h5 20. Ne3 Nxg3
21. fxg3 Nh5 22. Nf1 Kb8 23. Kh2 Rhf8 24. Bd5 Nf6 25. Bc4 Qe8 26. Qd1 h5
27. Ra2 Nd7 28. Rf2 f6 29. Bd5 Bh7 1/2-1/2

[Event "Najdorf Memorial B"]
[Site "Warsaw POL"]
[Date "2023.07.18"]
[Round "8.4"]
[White "Celinski, Kamil"]
[Black "Terkiewicz, Bruno"]
[Result "1-0"]
[WhiteElo "1820"]
[BlackElo "1922"]

1. e4 c5 2. Nf3 Nc6 3. Bb5 e5 4. O-O Bd6 5. c3 a6 6. Ba4 b5 7. Bc2 Nge7 8.
d4 cxd4 9. cxd4 Nxd4 10. Nxd4 exd4 11. Qxd4 Qc7 12. h3 O-O 13. Qd3 Ng6 14.
Nc3 Ne5 15. Qe2 Bb7 16. Bb3 Rae8 17. Rd1 Kh8 18. a4 b4 19. Nd5 Qb8 20. Be3
f5 21. f4 Ng6 22. e5 Bxd5 23. Rxd5 Bc7 24. Rxd7 Bxe5 25. fxe5 Qxe5 26. Re1
f4 27. Bd4 Qxe2 28. Bxg7# 1-0

[Event "Najdorf Memorial B"]
[Site "Warsaw POL"]
[Date "2023.07.18"]
[Round "8.5"]
[White "Kulpa, Zuzanna"]
[Black "Jasiulewicz, Dawid"]
[Result "1-0"]
[WhiteElo "1911"]
[BlackElo "1751"]

1. e4 c5 2. Nf3 d6 3. d4 cxd4 4. Nxd4 Nf6 5. Nc3 a6 6. Bd3 e5 7. Nde2 Be7
8. O-O O-O 9. Ng3 g6 10. h3 Be6 11. f4 exf4 12. Bxf4 Nc6 13. Be2 Qb6+ 14.
Kh2 Rad8 15. Nd5 Bxd5 16. exd5 Ne5 17. Qd2 Rfe8 18. c4 h5 19. Bg5 Kg7 20.
Qf4 Nh7 21. Bxe7 Rxe7 22. b3 Rde8 23. Bxh5 gxh5 24. Nf5+ Kg8 25. Nxe7+ Rxe7
26. Rae1 Ng6 27. Qf5 Rxe1 28. Qxf7+ Kh8 29. Rxe1 Ne5 30. Qf4 Qd8 31. c5 Qf6
32. Qxf6+ Nxf6 33. cxd6 Nfd7 34. Rc1 a5 35. Kg3 Kg7 36. Rc7 b6 37. Kf4 Kf6
38. Rc8 Nf7 39. Re8 Nc5 40. Rf8 Nb7 41. d7 Ke7 42. Rg8 Kxd7 43. Rg7 Ke7 44.
Rh7 Kf6 45. Rxh5 Nbd6 46. g4 Kg6 47. Rh4 Ne8 48. g5 Nc7 49. d6 Ne6+ 50. Ke4
Kxg5 51. Kd5 Nf8 52. Rc4 Kf5 53. Rc1 Ne6 54. Rf1+ Nf4+ 55. Rxf4+ Kxf4 56.
Ke6 Nd8+ 57. Kd7 1-0

[Event "Najdorf Memorial B"]
[Site "Warsaw POL"]
[Date "2023.07.18"]
[Round "8.6"]
[White "Gbiorczyk, Mikolaj"]
[Black "Sypien, Natan"]
[Result "1-0"]
[WhiteElo "1904"]
[BlackElo "1782"]

1. e4 e5 2. Nc3 Nf6 3. f4 d5 4. fxe5 Nxe4 5. Qf3 f5 6. d3 Nxc3 7. bxc3 d4
8. Qg3 dxc3 9. Be2 Be6 10. Bf3 Nc6 11. Ne2 Qd7 12. Rb1 Bc5 13. Bxc6 Qxc6
14. Be3 O-O-O 15. O-O g5 16. Bxc5 Qxc5+ 17. d4 Qc6 18. Rf3 f4 19. Qxg5 Rhg8
20. Qxf4 Bd5 21. Rg3 Rxg3 22. hxg3 Bxg2 23. Qf2 Be4 24. Rb3 Qh6 25. Qf4
Qh1+ 26. Kf2 Qg2+ 27. Ke3 Bxc2 28. Rxc3 Bd1 29. Nc1 Rg8 30. Rxc7+ Kb8 31.
Rg7 Rxg7 32. Qf8+ Kc7 33. Qd6+ Kc8 34. Qf8+ Kc7 35. Qxg7+ Kb6 36. Qf6+ Kb5
37. Qf2 Qxf2+ 38. Kxf2 Kc4 39. Ke3 b5 40. Nd3 Bh5 41. Nf4 Be8 42. d5 a5 43.
e6 Kc5 44. Ke4 Kd6 45. Kd4 b4 46. Nd3 Bb5 47. g4 Ba4 48. Nb2 1-0

[Event "Najdorf Memorial B"]
[Site "Warsaw POL"]
[Date "2023.07.18"]
[Round "8.7"]
[White "Kaminski, Jan"]
[Black "Wieckowski, Michal"]
[Result "1/2-1/2"]
[WhiteElo "1862"]
[BlackElo "1637"]

1. e4 c5 2. Nf3 d6 3. d4 cxd4 4. Nxd4 Nf6 5. Nc3 a6 6. h3 e5 7. Nde2 h5 8.
Bg5 Be7 9. Ng3 g6 10. Bxf6 Bxf6 11. Bc4 Be6 12. Nd5 Bg5 13. Ne2 Nd7 14. O-O
Rc8 15. Bb3 O-O 16. Nec3 Nc5 17. Qe2 Bh6 18. Rad1 Qg5 19. Kh1 Qh4 20. f3
Kh7 21. Qe1 Qxe1 22. Rfxe1 b5 23. g4 hxg4 24. hxg4 Kg7 25. Kg2 Rh8 26. Rh1
Nxb3 27. cxb3 Bxd5 28. Rxd5 b4 29. Nd1 Rc2+ 30. Kf1 Rd8 31. Rg1 Bf4 32. Rg2
Rc1 33. Ke2 Rc2+ 34. Kf1 Rc1 35. Ke2 Rh8 36. Ne3 Rhh1 37. Rd1 Rhxd1 38.
Nxd1 Ra1 39. Ne3 Rxa2 40. Nc4 Ra1 41. Nxd6 Rc1 42. Nc4 Kf6 43. Rf2 Rc2+ 44.
Kf1 Rc1+ 45. Ke2 Rc2+ 1/2-1/2

[Event "Najdorf Memorial B"]
[Site "Warsaw POL"]
[Date "2023.07.18"]
[Round "8.8"]
[White "Mazur, Maciej"]
[Black "Haliniak, Wojciech"]
[Result "0-1"]
[WhiteElo "1758"]
[BlackElo "1901"]

1. e4 Nf6 2. e5 Nd5 3. c4 Nb6 4. d4 d6 5. f4 g6 6. Nc3 Bg7 7. Be3 O-O 8. c5
N6d7 9. Nf3 Re8 10. Bc4 e6 11. h4 Na6 12. h5 Qe7 13. cxd6 cxd6 14. hxg6
hxg6 15. g4 Nc7 16. Qc2 b5 17. Bd3 Bb7 18. Be4 Nd5 19. Bxd5 exd5 20. Nxb5
dxe5 21. fxe5 Qb4+ 22. Nc3 Nxe5 23. Nxe5 Bxe5 24. O-O-O Bg7 25. Qd2 Bc8 26.
Bh6 Bh8 27. Bg5 Qd6 28. Qg2 f6 29. Qh3 Kf7 30. Rhf1 Ke7 31. Rde1+ Be6 32.
Bf4 Qc6 33. Qh7+ Kd8 34. Qxg6 Rg8 35. Qh7 Bg7 36. g5 Qd7 37. gxf6 Bxf6 38.
Qd3 Bh4 39. Re5 Rc8 40. Rh1 Bf6 41. Ree1 Bf5 42. Qe3 Qa4 43. Qd2 Qxa2 44.
Kd1 Bg4+ 45. Kc2 Qa4+ 46. Kd3 Qxd4+ 47. Kc2 Qa4+ 48. Kc1 d4 49. Rhg1 Rg7
50. Rxg4 Rxg4 51. Kb1 Qd7 52. Ne2 Qf5+ 53. Ka1 Rc6 54. Ka2 Ra6+ 55. Kb3
Rb6+ 56. Ka2 d3 57. Nc3 Rxf4 58. Qe3 Qa5+ 59. Kb1 Rxb2+ 0-1

[Event "Najdorf Memorial B"]
[Site "Warsaw POL"]
[Date "2023.07.18"]
[Round "8.9"]
[White "Kudlak, Julia"]
[Black "Lewandrowski, Tomasz"]
[Result "0-1"]
[WhiteElo "1899"]
[BlackElo "1849"]

1. d4 d5 2. Nf3 e6 3. c4 Bb4+ 4. Bd2 Be7 5. g3 Nf6 6. Bg2 O-O 7. O-O c6 8.
Qc2 b5 9. cxb5 cxb5 10. Nc3 b4 11. Na4 Bd7 12. Nc5 a5 13. Ne5 Bb5 14. Rfe1
Nbd7 15. Ncxd7 Nxd7 16. Nc6 Rc8 17. Nxe7+ Qxe7 18. Qb3 Nb6 19. a3 Ba4 20.
Qd3 Bc2 21. Qb5 Nc4 22. Bf4 g5 23. Bc1 Rb8 24. Qc5 Qd7 25. Bxg5 Rfc8 26.
Qe7 Qxe7 27. Bxe7 b3 28. e4 Nxb2 29. exd5 exd5 30. Bxd5 Nc4 31. Rac1 Nb6
32. Bf3 b2 33. Bd6 bxc1=Q 34. Rxc1 Bf5 35. Rc5 Rxc5 36. dxc5 Nd7 37. Kg2
Rb1 38. g4 Be6 39. Kg3 Rc1 40. c6 Nb6 41. Kf4 h6 42. Bb8 f6 43. h4 a4 44.
Be4 Nd5+ 45. Bxd5 Bxd5 46. Kf5 Kf7 0-1

[Event "Najdorf Memorial B"]
[Site "Warsaw POL"]
[Date "2023.07.18"]
[Round "8.10"]
[White "Mironowicz, Karol"]
[Black "Polak, Michal"]
[Result "0-1"]
[WhiteElo "1714"]
[BlackElo "1895"]

1. e4 c5 2. Nf3 Nc6 3. d4 cxd4 4. Nxd4 Nf6 5. Nc3 d6 6. Bg5 e6 7. Qd2 a6 8.
O-O-O Bd7 9. f4 h6 10. Bh4 b5 11. Bxf6 gxf6 12. Nxc6 Bxc6 13. Bd3 b4 14.
Ne2 Qb6 15. Kb1 h5 16. h4 a5 17. Nc1 a4 18. f5 Bh6 19. Qe2 Qc5 20. Bc4 Ke7
21. Rhe1 Rhg8 22. fxe6 fxe6 23. Bd5 Bb5 24. Nd3 Rac8 25. Nxc5 Bxe2 26. Rxe2
Rxc5 27. Bb7 Rg4 28. Rh1 Bf4 29. Rh3 Rg3 30. Rh1 a3 31. Rh3 Rxh3 32. gxh3
axb2 33. Kxb2 Rc3 34. Ba6 Be5 35. Kc1 Rxh3 36. Rg2 Bc3 37. Kd1 Re3 38. Re2
Rf3 39. Rg2 Rf4 40. Rg7+ Kf8 41. Rh7 Rxe4 42. Be2 Rd4+ 43. Bd3 Rxh4 44. Bg6
Rh2 45. Bxh5 Kg8 46. Rh6 Kg7 47. Rg6+ Kh7 48. Rg3 Rxh5 49. Ke2 Rh2+ 50. Kd3
Rd2+ 51. Kc4 Rxc2 52. Kb3 Rb2+ 53. Kc4 Rxa2 54. Kb3 Rh2 55. Kc4 Rh6 56. Kd3
Rg6 57. Re3 e5 58. Ke4 Kg7 59. Kf5 Kf7 60. Rh3 Rg5+ 61. Ke4 Ke6 62. Rh6 d5+
63. Kd3 Rg3+ 64. Kc2 Bd4 65. Rh8 b3+ 66. Kc1 Kf5 67. Rb8 Ke4 68. Kd2 f5 69.
Ke2 f4 70. Rb4 Rg2+ 71. Kf1 Rb2 72. Rb5 Bc3 73. Kg1 d4 74. Rb8 Ke3 75. Kf1
e4 76. Kg1 f3 77. Re8 Kd3 78. Kf1 Ra2 79. Rc8 e3 80. Kg1 Rg2+ 81. Kh1 Rg7
82. Kh2 b2 83. Rb8 f2 84. Rb3 Kc2 85. Ra3 d3 0-1

[Event "Najdorf Memorial B"]
[Site "Warsaw POL"]
[Date "2023.07.18"]
[Round "8.11"]
[White "Sprzeczka, Emilia"]
[Black "Sternik, Piotr"]
[Result "1-0"]
[WhiteElo "1797"]
[BlackElo "1783"]

1. e4 c5 2. c3 d5 3. exd5 Qxd5 4. d4 Nc6 5. Nf3 Nf6 6. dxc5 Qxc5 7. Na3 Bg4
8. Nb5 Rc8 9. Be3 Qd5 10. Nxa7 Nxa7 11. Bxa7 Qa5 12. Qd4 Bxf3 13. gxf3 e5
14. Qb6 Qxb6 15. Bxb6 Bd6 16. Bb5+ Ke7 17. O-O-O Bc5 18. Bxc5+ Rxc5 19. a4
Nd5 20. Rd3 f5 21. Re1 Ke6 22. Red1 Rhc8 23. c4 Nf6 24. b4 Rxb5 25. axb5
Rxc4+ 26. Kb2 Rxb4+ 27. Rb3 Rh4 28. Rd2 Rxh2 29. b6 e4 30. Rc2 Nd5 31. fxe4
fxe4 32. Kb1 h5 33. Rg3 Rh1+ 34. Rc1 Rxc1+ 35. Kxc1 Kf6 36. Kd2 h4 37. Rg4
g5 38. Rxe4 Kf5 39. Re1 Nxb6 40. Rb1 Nc4+ 41. Ke2 g4 42. Rxb7 Nd6 43. Rh7
h3 44. f3 Kf4 45. Rh4 Nf5 46. Rxg4+ Ke5 47. Kf2 h2 48. Re4+ Kf6 49. Re1 1-0

[Event "Najdorf Memorial B"]
[Site "Warsaw POL"]
[Date "2023.07.18"]
[Round "8.12"]
[White "Jaszczuk, Piotr"]
[Black "Poziomkowski, Szymon"]
[Result "1-0"]
[WhiteElo "1672"]
[BlackElo "1880"]

1. e4 d6 2. d4 Nf6 3. Nc3 e5 4. Be3 exd4 5. Qxd4 Nc6 6. Qd2 g6 7. f3 Bg7 8.
Be2 Be6 9. g4 h5 10. g5 Nd7 11. h4 Nde5 12. O-O-O Qd7 13. Kb1 O-O-O 14. Nd5
Kb8 15. c4 Ne7 16. Bd4 c5 17. Bc3 Rhg8 18. b3 Bh8 19. Bb2 Rgf8 20. Qf4 Bxd5
21. cxd5 f5 22. Qg3 fxe4 23. fxe4 b5 24. Nh3 Ka8 25. Nf4 Rb8 26. Ne6 Rfc8
27. Rc1 a5 28. Nxc5 dxc5 29. Bxe5 Bxe5 30. Qxe5 Qa7 31. d6 Nc6 32. Qxc5 Qa6
33. d7 Rc7 34. Rhd1 a4 35. Bxb5 Rxb5 36. d8=Q+ Kb7 37. Qxc6+ Qxc6 38. Rxc6
Kxc6 39. Rc1+ 1-0

[Event "Najdorf Memorial B"]
[Site "Warsaw POL"]
[Date "2023.07.18"]
[Round "8.13"]
[White "Pires, Emanuel Joao Robarts"]
[Black "Stefaniuk, Zbigniew"]
[Result "1/2-1/2"]
[WhiteElo "1994"]
[BlackElo "1721"]

1. e4 e5 2. Bc4 Nc6 3. Nf3 Nf6 4. O-O Nxe4 5. Nc3 Nxc3 6. dxc3 f6 7. Nh4 g6
8. f4 Qe7 9. Kh1 d6 10. f5 Qg7 11. a4 Bd7 12. Bd5 Nd8 13. c4 c6 14. Be4 g5
15. Nf3 Nf7 16. b4 Be7 17. b5 O-O 18. Rb1 Rab8 19. Be3 a6 20. bxa6 bxa6 21.
Qd3 h6 22. Ba7 Rxb1 23. Rxb1 Be8 24. Rb6 a5 25. Bxc6 Bd8 26. Bxe8 Rxe8 27.
Rb7 Qf8 28. Qd5 Re7 29. Rb8 Rxa7 30. Nd2 Kg7 31. Ne4 Qe7 32. c5 Bc7 33. Rb5
dxc5 34. Nxc5 Qd6 35. Qf3 e4 36. Qh5 Qxh2+ 37. Qxh2 Bxh2 38. Ne6+ Kh7 39.
Kxh2 Nd6 40. Rd5 Nf7 41. Kg3 Ne5 42. Kf2 Ng4+ 43. Ke2 Ne5 44. Ke3 Rb7 45.
Kxe4 Rb4+ 46. Rd4 Rb2 47. Rd2 Rb4+ 48. Rd4 Rb2 49. Rd2 Rb4+ 50. Kd5 Rxa4
51. Nc5 Rf4 52. Ke6 Kg7 53. Nd7 Ng4 54. Nc5 Ne5 55. Nd7 Ng4 56. Nc5 1/2-1/2